00879nam a22001697a 4500008004100000020001500041050001600056245012300072260004100195300002400236500002000260505030000280650006500580700001700645700002100662700002600683121012t xxu||||| |||| 00| 0 eng d a0471144428 aHF5547.5.N5 aThe New York public library business desk reference /cedited by Fargis Paul, Sheree Bykofsky and Karen Brunson Kneipp aU.S.A:bJohn Wiley and Sons,cc1997. axiv, 494 p.:c24cm. aIncludes index. aContents: Getting it there -- Communicating -- The Office environment -- Office equipment and supplies -- Office systems -- People: the office's most valuable asset -- Finances and formulas -- Image: the face your business shows the world -- Marketing for growth -- Travel -- Business resources. bOffice practice x United States x Handbooks, manuals, etc. aFargis, Paul aBykofsky, Sheree aKneipp, Karen Brunson